00386nam a2200121Ia 4500008004100000041000800041100001800049245002800067260002600095906001200121999001700133952011400150221007s9999 xx 000 0 und d aeng aApr-06996882 aPC Quest: Live linux CD bCyber media Ind. Ltd. bGeneral c61343d61343 00104070aHIMRbHIMRd2006-12-05eSatya Gilanil0pHIMR-AV-735r2022-10-07 00:00:00w2006-12-05yVCzAV0735